00425nam a2200169 a 450000100060000000300090000600800410001504000280005608200150008410000280009924500290012726000370015630000100019365000090020365000190021265000240023112935CO-ViMGA141112s2004 ck r 000 u spa d aCO-ViMGAbspacCO-ViMGA04a128.1 G15a1 aGallo, Gonzalez Gonzalo10aAeróbicos Espirituales aBogotá : bEmprolibros, c1995 a353p.14aALMA14aESPIRITUALIDAD14aVALORES - FILOSOFIA